Teaching strategies for nurse educators / (Record no. 858)

000 -LEADER
fixed length control field 01939nam a22004577a 4500
001 - CONTROL NUMBER
control field 14993666
003 - CONTROL NUMBER IDENTIFIER
control field OSt
005 - DATE AND TIME OF LATEST TRANSACTION
control field 20210426094036.0
008 - FIXED-LENGTH DATA ELEMENTS--GENERAL INFORMATION
fixed length control field 070830s2009 njua b 001 0 eng
010 ## - LIBRARY OF CONGRESS CONTROL NUMBER
LC control number 2007036166
016 7# - NATIONAL BIBLIOGRAPHIC AGENCY CONTROL NUMBER
Record control number 101315467
Source DNLM
020 ## - INTERNATIONAL STANDARD BOOK NUMBER
International Standard Book Number 0131790269
020 ## - INTERNATIONAL STANDARD BOOK NUMBER
International Standard Book Number 9780131790261
020 ## - INTERNATIONAL STANDARD BOOK NUMBER
International Standard Book Number 0131790269
035 ## - SYSTEM CONTROL NUMBER
System control number (OCoLC)ocn169454208
035 ## - SYSTEM CONTROL NUMBER
System control number (OCoLC)169454208
040 ## - CATALOGING SOURCE
Original cataloging agency DNLM/DLC
Transcribing agency DLC
Modifying agency NLM
-- BAKER
-- BTCTA
-- YDXCP
-- C#P
-- DLC
Language of cataloging eng
041 ## - LANGUAGE CODE
Language code of text/sound track or separate title eng
042 ## - AUTHENTICATION CODE
Authentication code pcc
050 00 - LIBRARY OF CONGRESS CALL NUMBER
Classification number RT71
Item number .D553 2009
060 00 - NATIONAL LIBRARY OF MEDICINE CALL NUMBER
Classification number 2008 B-399
060 10 - NATIONAL LIBRARY OF MEDICINE CALL NUMBER
Classification number WY 105
Item number D529t 2009
080 ## - UNIVERSAL DECIMAL CLASSIFICATION NUMBER
Universal Decimal Classification number 616-08
Item number D-51
082 00 - DEWEY DECIMAL CLASSIFICATION NUMBER
Classification number 610.73/071
Edition number 22
100 1# - MAIN ENTRY--PERSONAL NAME
Personal name DeYoung, Sandra.
245 10 - TITLE STATEMENT
Title Teaching strategies for nurse educators /
Statement of responsibility, etc. Sandra DeYoung.
Remainder of title / by: Prentice Hall
250 ## - EDITION STATEMENT
Edition statement 2nd edition
260 ## - PUBLICATION, DISTRIBUTION, ETC.
Place of publication, distribution, etc. Upper Saddle River, N.J. :
Name of publisher, distributor, etc. Prentice Hall
Date of publication, distribution, etc. c2009.
300 ## - PHYSICAL DESCRIPTION
Extent xiv, 300 p. :
Other physical details ill. ;
Dimensions cm.
504 ## - BIBLIOGRAPHY, ETC. NOTE
Bibliography, etc. note Includes bibliographical references and index.
505 0# - FORMATTED CONTENTS NOTE
Formatted contents note Good teaching -- Learning theory -- Motivation and behavior change -- Literacy -- Multicultural aspects of learning -- Planning and conducting classes -- Traditional teaching strategies -- Activity-based teaching strategies -- Computer teaching strategies -- Distance learning -- Teaching psychomotor skills -- Promoting and assessing critical thinking -- Clinical teaching -- Assessing and evaluating learning -- The faculty role.
650 #0 - SUBJECT ADDED ENTRY--TOPICAL TERM
Topical term or geographic name entry element Nursing
General subdivision Study and teaching.
650 #0 - SUBJECT ADDED ENTRY--TOPICAL TERM
Topical term or geographic name entry element Patient Care
9 (RLIN) 285
650 12 - SUBJECT ADDED ENTRY--TOPICAL TERM
Topical term or geographic name entry element Teaching
General subdivision methods
Form subdivision Nurses' Instruction.
653 ## - INDEX TERM--UNCONTROLLED
Uncontrolled term პაციენტის მოვლა
653 ## - INDEX TERM--UNCONTROLLED
Uncontrolled term ექთნების განათლება
856 41 - ELECTRONIC LOCATION AND ACCESS
Materials specified Table of contents
Uniform Resource Identifier <a href="http://www.loc.gov/catdir/toc/fy0803/2007036166.html">http://www.loc.gov/catdir/toc/fy0803/2007036166.html</a>
906 ## - LOCAL DATA ELEMENT F, LDF (RLIN)
a 7
b cbc
c orignew
d 1
e ecip
f 20
g y-gencatlg
942 ## - ADDED ENTRY ELEMENTS (KOHA)
Source of classification or shelving scheme
Koha item type Books
Edition 2
Holdings
Withdrawn status Lost status Source of classification or shelving scheme Damaged status Not for loan Permanent location Current location Date acquired Inventory number Total Checkouts Full call number Barcode Date last seen Price effective from Koha item type
          Ken Walker International University Ken Walker International University 12/29/2020 2375   616-08 D-51 2375 12/29/2020 12/29/2020 Books

Powered by Koha